00476nam a2200145Ia 4500003000900000008004100009020002600050020002700076040001600103100002300119245007000142260003200212300002000244856006600264IN-BaIIA211028s9999 xx s 000 0 eng d a9780819463074 (Print) a9781510607934 (Online) cIIA Library aWolfe, William L.  0aOptics Made Clear: The Nature of Light and How We Use Ith[eBook] aWashington, USAbSPIEc2006 aOnline resource uhttps://doi.org/10.1117/3.2265067yClick Here to Access eBook